书目信息 |
| 题名: |
将零碎时间用起来学英语
|
|
| 作者: | ;思马得学校 , 思马得学校 编 | |
| 分册: | 100部英语名著精彩段落 | |
| 出版信息: | 苏州 苏州大学出版社 2007 |
|
| 页数: | 296页 | |
| 开本: | 10×14cm | |
| 丛书名: | Smart英语系列丛书 | |
| 单 册: | ||
| 中图分类: | H31 , H319.4:I11 | |
| 科图分类: | ||
| 主题词: | 英语--自学参考资料 , 英语--汉语--对照读物 , 文学--作品--世界--选集 , 英语 , 汉语 , 文学 | |
| 电子资源: | ||
| ISBN: | 978-7-81090-812-2 | |
| 000 | 01085oam2 2200325 450 | |
| 001 | 1574463153 | |
| 005 | 20150207204124.43 | |
| 010 | @a978-7-81090-812-2@dCNY10.00 | |
| 100 | @a20080611d2007 em y0chiy50 ea | |
| 101 | 0 | @achi@aeng |
| 102 | @aCN@b320000 | |
| 105 | @ay z 000yy | |
| 200 | 1 | @a将零碎时间用起来学英语@9jiang ling sui shi jian yong qi lai xue ying yu@i100部英语名著精彩段落@f思马得学校编 |
| 210 | @a苏州@c苏州大学出版社@d2007 | |
| 215 | @a296页@d10×14cm | |
| 225 | 1 | @aSmart英语系列丛书 |
| 330 | @a本书精选了《简·爱》、《永别了,武器》、《格列佛游记》等100部经典名著中的经典片断。通过英汉对照阅读,使读者加强对英语语境的体会和句型的积累。 | |
| 461 | 0 | @12001 @aSmart英语系列丛书 |
| 606 | 0 | @a英语@j自学参考资料 |
| 606 | 0 | @a英语@x汉语@j对照读物 |
| 606 | 0 | @a文学@x作品@y世界@j选集 |
| 606 | 0 | @a英语 |
| 606 | 0 | @a汉语 |
| 606 | 0 | @a文学 |
| 690 | @aH31@v5 | |
| 690 | @aH319.4:I11@v5 | |
| 711 | 02 | @a思马得学校@9si ma de xue xiao@4编 |
| 711 | 02 | @a思马得学校@9si ma de xue xiao@4编 |
| 801 | 0 | @aCN@bTSSF@c20150207 |
| 905 | @aZUCC@dH31@eJY36 | |
| 将零碎时间用起来学英语.100部英语名著精彩段落/思马得学校编.-苏州:苏州大学出版社,2007 |
| 296页;10×14cm.-(Smart英语系列丛书) |
| ISBN 978-7-81090-812-2:CNY10.00 |
| 本书精选了《简·爱》、《永别了,武器》、《格列佛游记》等100部经典名著中的经典片断。通过英汉对照阅读,使读者加强对英语语境的体会和句型的积累。 |
| ● |
| 相关链接 |
|
|
|
|
正题名:将零碎时间用起来学英语
索取号:H31/JY36
 
预约/预借
| 序号 | 登录号 | 条形码 | 馆藏地/架位号 | 状态 | 备注 |
| 1 | 7863955 | 278639555 | 学院路分馆/ [索取号:H31/JY36] | 在馆 |